000 00719nam a2200241 4500
001 45687
010 _a9789722532099
021 _aPT
_b409781/16
090 _a45687
100 _a20170220d2016 m y0pory50030103ba
102 _aPT
200 1 _aO rouxinol
_fKristin Hannah
_gtrad. Marta Pinho
205 _a1<U+00AA> ed
210 9 _aLisboa
_cBertrand,
_d2016
215 _a502, [2] p.
_d24 cm
225 2 _aGrandes romances
304 _aTít. orig.: The nightingale
675 _a821.111(73)-31"19/20"
_vBN
_zpor
700 1 _aHannah,
_bKristin,
_f1960-
702 1 _aPinho,
_bMarta
801 0 _aPT
_bBN
_gRPC
856 4 1 _uhttp://rnod.bnportugal.gov.pt/ImagesBN/winlibimg.aspx?skey=&doc=1956686&img=90856&save=true
990 _cLIVROS